00765nam a2200205Ia 4500008004100000040001400041082001900055100002700074245008600101260004700187300001000234365002600244366000800270505002200278530003000300620004200330630008600372650001500458730008600473100315s9999 xx 000 0 und d cENGLISH  b10223 a332  aRESERVE BANK OF INDIA  aAsset Liability Management System Guidelines for all-india Financial Institutions aMUMBAI bRESERVE BANK OF INDIA  c1999  a81   eRupees d1 b0.00  f0  gVaibhav Gaikwad  bDonated By RBI Library   a"Finance, Bank, Economic, RBI Book " aAsset Liability Management System Guidelines for all-india Financial Institutions aECONOMIC  aAsset Liability Management System Guidelines for all-india Financial Institutions